Kvalitné ľudské zdroje a informácie ako základný predpoklad existencie znalostnej ekonomiky

Terminológia v znalostnej ekonomike - informačná spoločnosť, informatizácia spoločnosti, znalostná ekonomika. Rozvoj informačnej spoločnosti prostredníctvom koncepcie eEurope+. Oblasti - vybudovanie transparentného a liberalizovaného prostredia, zlepšenie dostupnosti internetu a kvality elektronický...

Full description

Saved in:
Bibliographic Details
Main Author: Lukačovičová, Zuzana
Format: Book Chapter
Language:Slovak
Subjects:
Tags: Add Tag
No Tags, Be the first to tag this record!

MARC

LEADER 00000naa$a2200000$$$4500
001 0048273
005 20240502071544.5
041 0 |a slo 
044 |a SK 
245 1 0 |a Kvalitné ľudské zdroje a informácie ako základný predpoklad existencie znalostnej ekonomiky  |c Zuzana Lukačovičová 
520 |a Terminológia v znalostnej ekonomike - informačná spoločnosť, informatizácia spoločnosti, znalostná ekonomika. Rozvoj informačnej spoločnosti prostredníctvom koncepcie eEurope+. Oblasti - vybudovanie transparentného a liberalizovaného prostredia, zlepšenie dostupnosti internetu a kvality elektronických služieb pre všetkých občanov, zvyšovanie kvalifikácie a znalosti všetkých občanov, budovanie a rozvíjanie obsahu Internetu a jeho využívanie. eEurope+ na Slovensku. 
610 2 0 |a ekonomika vedomostná 
610 2 0 |a spoločnosť informačná 
610 2 0 |a informatizácia 
610 2 0 |a zdroje ľudské 
610 2 0 |a vedomosti 
610 2 0 |a kvalifikácia 
610 2 0 |a služby informačné 
610 2 0 |a internet 
610 2 0 |a koncepcie 
100 1 |a Lukačovičová, Zuzana